| 000 | 00323nam a22001337a 4500 | ||
|---|---|---|---|
| 999 |
_c528393 _d528393 |
||
| 003 | NUST | ||
| 038 | _aMSOHAIL | ||
| 082 | _a0 | ||
| 100 |
_aUS Dept of Transportation _919968 |
||
| 245 | _aAirport Travel Survey Manual | ||
| 260 |
_aWashington _bUS Dept of Transportation _c1973 |
||
| 300 |
_a100,p; _c27cm |
||
| 942 |
_2ddc _cBK |
||